Jasná ekonomická diagnóza

Nemecko ako európsky ekonomický problém. Najzávažnejšie hospodársko-politické problémy Nemecka. Snaha o ozdravenie nemeckej ekonomiky.

Salvato in:
Dettagli Bibliografici
Autore principale: Šalgovič, Ján
Natura: Capitolo di libro
Lingua:slovacco
Soggetti:
Tags: Aggiungi Tag
Nessun Tag, puoi essere il primo ad aggiungerne!!

MARC

LEADER 00000naa a2200000 4500
001 r048767
005 20230920090651.8
041 0 |a slo 
044 |a SK 
245 1 0 |a Jasná ekonomická diagnóza  |c Ján Šalgovič 
520 |a Nemecko ako európsky ekonomický problém. Najzávažnejšie hospodársko-politické problémy Nemecka. Snaha o ozdravenie nemeckej ekonomiky. 
610 2 0 |a situácia hospodárska 
610 2 0 |a Nemecko 
610 2 0 |a ukazovatele ekonomické 
610 2 0 |a kríza hospodárska 
610 2 0 |a reformy hospodárske 
100 1 |a Šalgovič, Ján